000 00741nam a2200217Ii 4500
003 JO-AjNU
008 230605s9999||||xx |||||||||||||| ||und||
040 _aJO-AjNU
_bara
_erda
_cJO-AjNU
041 _aara
050 1 4 _aDs99.A45 1990
100 3 _aأحمد وصفي زكريا؛ تحرير واعداد سبانو، أحمد غسان,
_eauthor
_939239
245 0 0 _aدمشق في كتابات أحمد وصفي زكريا
250 _aط1
264 3 1 _aدمشق: دار قتيبة، 1990
300 _a129ص
336 _atext
_btxt
_2rdacontent
337 _aunmediated
_bn
_2rdamedia
338 _avolume
_bnc
_2rdacarrier
490 0 _aسلسلة وثائق دراسات الشام؛ 9
650 4 _aدمشق -تاريخ
_939240
999 _aA16556
_c20124
_d20124